MARC

LEADER 00000nam0a2200000 4500
001 674578
005 20241212105455.0
035 |a (RuTPU)RU\TPU\book\119142 
090 |a 674578 
100 |a 20240916d1976 k||y0rusy50 ca 
101 0 |a rus 
102 |a RU 
105 |a a z 001zy 
181 0 |a i   |b  e  
182 0 |a n 
183 0 |a nc  |2 RDAcarrier 
200 1 |a Экономические вопросы разработки и обустройства нефтяных месторождений  |e [сборник статей]  |f Государственный институт по проектированию и исследовательским работам в нефтяной промышленности "Гипровостокнефть" ; отв. ред. Я. М. Зейгер 
203 |a Текст  |b визуальный  |c непосредственный 
210 |a Куйбышев  |c Изд-во Гипровостокнефть  |d 1976 
215 |a 141 с.  |c ил. 
225 |a Труды [Гипровостокнефть]  |v Вып. 28 
283 |a volume  |2 RDAcarrier 
320 |a Библиография в конце статей 
517 1 |a Труды Гипровостокнефти  |z rus 
606 1 |a Нефтяные месторождения  |x Системы разработки  |x Обустройство  |x Проектирование  |9 65161 
610 1 |a исследования 
610 1 |a эффективность 
610 1 |a экономика 
610 1 |a себестоимость 
610 1 |a капитальные вложения 
610 1 |a планирование 
610 1 |a ЭВМ 
610 1 |a индустриализация 
610 1 |a перспективы 
610 1 |a Восточная Сибирь 
610 1 |a заводнение 
610 1 |a сточные воды 
675 |a 622.276.001.6  |v 3 
702 1 |a Зейгер  |b Я. М.  |4 340 
712 0 2 |a Государственный институт по проектированию и исследовательским работам в нефтяной промышленности "Гипровостокнефть"  |3 (RuTPU)RU\TPU\col\12480  |9 25424 
801 1 |a RU  |b 63413507  |c 20240916  |g PSBO 
801 2 |a RU  |b 63413507  |c 20080708  |g PSBO 
850 |a 63413507 
942 |c CR